[Event "Hurtigskak DM 2023"]
[Site "Hvidovre"]
[Date "2023.05.13"]
[Round "5.7"]
[White "Boe, Mads"]
[Black "Pedersen, Jan Nordenbaek"]
[Result "1-0"]
[WhiteElo "2283"]
[BlackElo "2148"]
[PlyCount "91"]
[EventDate "2023.05.13"]
[EventType "swiss"]
[EventRounds "7"]
[EventCountry "DEN"]
[SourceTitle "Live v. Kasper Jerwiarz"]

1. d4 Nf6 2. Nf3 g6 3. Bg5 Bg7 4. e3 d6 5. Bd3 c5 6. c3 O-O 7. O-O Nc6 8. Nbd2
h6 9. Bh4 g5 10. Bg3 Nh5 11. Qe2 Nxg3 12. hxg3 Bg4 13. Rfd1 cxd4 14. exd4 Bh5
15. Nf1 e5 16. dxe5 Nxe5 17. Be4 Re8 18. Qc2 Rb8 19. Ne3 b5 20. Rd5 Bxf3 21.
gxf3 Qb6 22. Rad1 Rbd8 23. Nf5 Bf8 24. Kg2 Re6 25. Nd4 Rf6 26. Rxb5 Qc7 27. Rd5
Nc4 28. Rf5 Rxf5 29. Nxf5 Nb6 30. Bd5 Nxd5 31. Rxd5 Qc4 32. Qb3 Qe2 33. Qb5 Qe6
34. Qd3 a5 35. c4 Rb8 36. b3 a4 37. Nd4 Qc8 38. Rb5 axb3 39. axb3 Ra8 40. Qf5
Qc7 41. Qd5 Ra7 42. g4 Bg7 43. Nf5 Bf8 44. b4 Kh7 45. Ra5 Rb7 46. Ra8 1-0

[Event "Hurtigskak DM 2023"]
[Site "Hvidovre"]
[Date "2023.05.13"]
[Round "5.8"]
[White "Gregor, Bjarke"]
[Black "Hoi, Carsten"]
[Result "0-1"]
[WhiteElo "2095"]
[BlackElo "2333"]
[PlyCount "88"]
[EventDate "2023.05.13"]
[EventType "swiss"]
[EventRounds "7"]
[EventCountry "DEN"]
[SourceTitle "Live v. Kasper Jerwiarz"]

1. e4 g6 2. d4 Bg7 3. Nc3 d6 4. Be3 c6 5. Nf3 b5 6. Qd2 Nd7 7. Bd3 Nb6 8. a4
bxa4 9. Nxa4 Bg4 10. Ng1 Bd7 11. Nc3 Nf6 12. f3 O-O 13. Nge2 Qc7 14. h4 h5 15.
Bh6 Kh7 16. Bg5 c5 17. e5 cxd4 18. exf6 dxc3 19. Nxc3 exf6 20. Bf4 Rfe8+ 21.
Kf2 f5 22. Rhe1 Qc5+ 23. Kg3 Be5 24. Kh3 a5 25. Ne2 a4 26. c3 Nd5 27. Bc2 Bb5
28. Bxe5 dxe5 29. Ng3 Nf4+ 30. Kh2 Rad8 31. Qc1 Qf2 32. Rg1 Rd2 33. Bxa4 Nxg2
34. Qxd2 Qxd2 35. Rxg2 Qd7 36. Bc2 Qe7 37. Kh3 e4 38. Re1 f4 39. Rxe4 Bd7+ 40.
Kh2 Qxh4+ 41. Kg1 fxg3 42. Rxe8 Bxe8 43. Be4 Qf4 44. Kf1 Bb5+ 0-1

[Event "Hurtigskak DM 2023"]
[Site "Hvidovre"]
[Date "2023.05.13"]
[Round "5.9"]
[White "Hagen, Andreas Skytte"]
[Black "Christensen, Janus"]
[Result "1-0"]
[WhiteElo "2363"]
[BlackElo "2141"]
[PlyCount "89"]
[EventDate "2023.05.13"]
[EventType "swiss"]
[EventRounds "7"]
[EventCountry "DEN"]
[SourceTitle "Live v. Kasper Jerwiarz"]

1. e4 c5 2. Nf3 d6 3. d4 cxd4 4. Nxd4 Nf6 5. Nc3 a6 6. Be3 Ng4 7. Bg5 h6 8. Bh4
g5 9. Bg3 Bg7 10. h3 Ne5 11. f3 Nbc6 12. Bf2 Nxd4 13. Bxd4 Be6 14. Qd2 Qc7 15.
O-O-O b5 16. Kb1 b4 17. Nd5 Bxd5 18. exd5 Qa5 19. h4 Qxd5 20. hxg5 hxg5 21.
Rxh8+ Bxh8 22. Qxg5 Bf6 23. Qd2 a5 24. Be2 Nd7 25. Qe3 Bxd4 26. Rxd4 Qe5 27.
Re4 Qf6 28. Bb5 Kd8 29. Bxd7 Kxd7 30. Qb6 Rh8 31. Qa7+ Kc6 32. Qa6+ Kd7 33.
Qb5+ Kd8 34. Qxa5+ Kd7 35. Qxb4 Rh1+ 36. Re1 Rh4 37. Qb5+ Kc7 38. a3 e5 39. Re3
Rh1+ 40. Ka2 Qe6+ 41. b3 Kd8 42. Rd3 Ke7 43. Qb7+ Kf8 44. Qb8+ Ke7 45. Qc7+ 1-0

[Event "Hurtigskak DM 2023"]
[Site "Hvidovre"]
[Date "2023.05.13"]
[Round "5.10"]
[White "Eriksson, Christian Altenburg"]
[Black "Bang, Andreas"]
[Result "0-1"]
[WhiteElo "2151"]
[BlackElo "2287"]
[PlyCount "102"]
[EventDate "2023.05.13"]
[EventType "swiss"]
[EventRounds "7"]
[EventCountry "DEN"]
[SourceTitle "Live v. Kasper Jerwiarz"]

1. e4 c6 2. d4 d5 3. e5 Bf5 4. Nf3 e6 5. Be2 Nd7 6. O-O Ne7 7. Nh4 Bg6 8. Nd2
c5 9. c3 cxd4 10. cxd4 Nc6 11. Nxg6 hxg6 12. Nf3 Be7 13. Be3 O-O 14. Rc1 Qb6
15. Qd2 Rfc8 16. h4 Qd8 17. g3 Na5 18. b3 Nf8 19. Bg5 f6 20. Bf4 Nc6 21. Bd3 a5
22. Bb5 Na7 23. Bd3 Rxc1 24. Rxc1 Rc8 25. Rxc8 Nxc8 26. Qc2 f5 27. Bd2 Na7 28.
Kg2 Qb6 29. a4 Nc6 30. Bb5 Nxd4 31. Be3 Nxf3 32. Kxf3 d4 33. Bd2 Qd8 34. Qc4 b6
35. Ke2 Bc5 36. Kd3 Qc7 37. Bf4 Qb7 38. Kc2 Kf7 39. Qe2 Nd7 40. Bc4 Bb4 41. f3
Nc5 42. h5 gxh5 43. Kb2 Qd7 44. g4 d3 45. Qg2 Qd4+ 46. Ka2 Qxf4 47. gxf5 Qxf5
48. f4 Qxf4 49. Qc6 Qd2+ 50. Kb1 Qc2+ 51. Ka1 Bc3# 0-1

[Event "Hurtigskak DM 2023"]
[Site "Hvidovre"]
[Date "2023.05.13"]
[Round "6.1"]
[White "Thybo, Jesper Sondergaard"]
[Black "Meskenas, Paulius"]
[Result "1-0"]
[WhiteElo "2509"]
[BlackElo "2159"]
[PlyCount "39"]
[EventDate "2023.05.13"]
[EventType "swiss"]
[EventRounds "7"]
[EventCountry "DEN"]
[SourceTitle "Live v. Kasper Jerwiarz"]

1. Nf3 Nf6 2. g3 g6 3. Bg2 Bg7 4. c4 c6 5. d4 d5 6. O-O O-O 7. cxd5 cxd5 8. Ne5
Nc6 9. Nc3 Be6 10. Bf4 Rc8 11. Rc1 Qa5 12. a3 Rfd8 13. h3 Nd7 14. Nxc6 bxc6 15.
Na4 c5 16. dxc5 Nxc5 17. Rxc5 Rxc5 18. b4 Qa6 19. Nxc5 Qxa3 20. Nxe6 1-0

[Event "Hurtigskak DM 2023"]
[Site "Hvidovre"]
[Date "2023.05.13"]
[Round "6.2"]
[White "Andersen, Mads"]
[Black "Nielsen, Viktor Haarmark"]
[Result "1/2-1/2"]
[WhiteElo "2615"]
[BlackElo "2335"]
[PlyCount "81"]
[EventDate "2023.05.13"]
[EventType "swiss"]
[EventRounds "7"]
[EventCountry "DEN"]
[SourceTitle "Live v. Kasper Jerwiarz"]

1. e4 c5 2. c3 Nf6 3. e5 Nd5 4. Nf3 Nc6 5. Bc4 e6 6. d4 cxd4 7. cxd4 d6 8. O-O
Be7 9. Qe2 O-O 10. Qe4 Ndb4 11. exd6 Qxd6 12. Nc3 Na5 13. Bb5 Nd5 14. Bd3 f5
15. Qe2 Bf6 16. Rd1 Bd7 17. Nxd5 exd5 18. g3 Rfe8 19. Qf1 Nc6 20. Be3 Rac8 21.
a3 Na5 22. Rac1 Nc4 23. Bf4 Qf8 24. Bxc4 dxc4 25. Ne5 Bxe5 26. Bxe5 Qf7 27. f4
Be6 28. d5 Bxd5 29. Rd4 Be4 30. Rcxc4 Rxc4 31. Qxc4 Qxc4 32. Rxc4 Bc6 33. Rd4
Kf7 34. Kf2 Re7 35. Rd8 Re8 36. Rd6 Re7 37. Ke3 Rd7 38. Kd4 Rxd6+ 39. Bxd6 Ke6
40. Bb8 a6 41. Be5 1/2-1/2

[Event "Hurtigskak DM 2023"]
[Site "Hvidovre"]
[Date "2023.05.13"]
[Round "6.3"]
[White "Hector, Jonny"]
[Black "Fedder, Steen"]
[Result "0-1"]
[WhiteElo "2474"]
[BlackElo "2380"]
[PlyCount "70"]
[EventDate "2023.05.13"]
[EventType "swiss"]
[EventRounds "7"]
[EventCountry "DEN"]
[SourceTitle "Live v. Kasper Jerwiarz"]

1. e4 e5 2. Nf3 Nc6 3. Nc3 Nf6 4. d4 Bb4 5. Nxe5 Qe7 6. Nxc6 Qxe4+ 7. Be2 Qxc6
8. O-O Bxc3 9. Bf3 d5 10. bxc3 O-O 11. Qd3 Bg4 12. Bxg4 Nxg4 13. Bf4 Nf6 14.
Rfe1 Rfe8 15. Be5 Nd7 16. Qg3 Nxe5 17. dxe5 Re6 18. f4 Rg6 19. Qf2 Qxc3 20.
Rad1 c6 21. f5 Rg4 22. f6 Re8 23. Rd3 Qb4 24. Rb3 Qd4 25. Rxb7 gxf6 26. Rxa7
Rxe5 27. Rb1 Re2 28. Qxd4 Rxd4 29. Ra3 Rg4 30. g3 Rxc2 31. Rf1 Rd4 32. Rxf6
Rd1+ 33. Rf1 Rdd2 34. Re1 Rg2+ 35. Kf1 Rcf2# 0-1

[Event "Hurtigskak DM 2023"]
[Site "Hvidovre"]
[Date "2023.05.13"]
[Round "6.4"]
[White "Hoi, Carsten"]
[Black "Olsen, Filip Boe"]
[Result "0-1"]
[WhiteElo "2333"]
[BlackElo "2435"]
[PlyCount "100"]
[EventDate "2023.05.13"]
[EventType "swiss"]
[EventRounds "7"]
[EventCountry "DEN"]
[SourceTitle "Live v. Kasper Jerwiarz"]

1. c4 e6 2. d4 d5 3. Nc3 c5 4. e3 cxd4 5. exd4 Nf6 6. Nf3 Bb4 7. cxd5 Nxd5 8.
Bd2 O-O 9. Bd3 Nc6 10. O-O Bd6 11. Rc1 Nce7 12. Re1 b6 13. Ne5 Bb7 14. Qh5 Nf6
15. Qh3 Ng6 16. Bg5 Be7 17. Rcd1 Nd5 18. Bd2 Bg5 19. Nxg6 hxg6 20. Qg3 Bxd2 21.
Rxd2 Rc8 22. Ne4 Nf6 23. Ng5 Qxd4 24. Red1 Qg4 25. f3 Qxg3 26. hxg3 Rc5 27. f4
Nh7 28. Nh3 Rfc8 29. Be2 Bd5 30. b3 Kf8 31. Bf3 Nf6 32. Ng5 Rc1 33. Kf2 Rxd1
34. Rxd1 Rc2+ 35. Ke3 Ke7 36. Rd3 Bxf3 37. Kxf3 Rxa2 38. Rc3 Nd5 39. Rc8 f6 40.
Ne4 Rb2 41. Ra8 Rxb3+ 42. Kf2 a5 43. Ra7+ Kf8 44. Ra8+ Kf7 45. Nd6+ Ke7 46. Ne8
a4 47. Nxg7 a3 48. Ra7+ Kd6 49. Ne8+ Kc5 50. Ng7 e5 0-1

[Event "Hurtigskak DM 2023"]
[Site "Hvidovre"]
[Date "2023.05.13"]
[Round "6.5"]
[White "Hansen, Jacob Ost"]
[Black "Boe, Mads"]
[Result "0-1"]
[WhiteElo "2338"]
[BlackElo "2283"]
[PlyCount "91"]
[EventDate "2023.05.13"]
[EventType "swiss"]
[EventRounds "7"]
[EventCountry "DEN"]
[SourceTitle "Live v. Kasper Jerwiarz"]

1. g3 d5 2. Nf3 Nf6 3. Bg2 c6 4. O-O Bg4 5. b3 Nbd7 6. Bb2 e6 7. d3 Bc5 8. Nbd2
O-O 9. c4 Qe7 10. a3 a5 11. Re1 Rfe8 12. d4 Bb6 13. e4 dxe4 14. Nxe4 Nxe4 15.
Rxe4 Nf6 16. Re3 Rad8 17. Qd2 Bxf3 18. Bxf3 e5 19. Rae1 Qd6 20. c5 Bxc5 21.
Qxa5 Bxd4 22. Bxd4 exd4 23. Rxe8+ Rxe8 24. Rxe8+ Nxe8 25. Kf1 Kf8 26. Qb6 Qd7
27. Qc5+ Kg8 28. Be4 g6 29. Bd3 Nc7 30. Ke2 Ne6 31. Qe5 Qc7 32. Qf6 Qd6 33. Bc4
c5 34. Kd3 b6 35. f4 b5 36. Bxe6 fxe6 37. Qe5 Qc6 38. Qe4 Qa6 39. Kc2 Qd6 40.
Kd3 Qa6 41. Kc2 Kf7 42. Qe5 Qc6 43. Kd3 Qf3+ 44. Kc2 Qc3+ 45. Kd1 Qxb3+ 46. Ke2
0-1

[Event "Hurtigskak DM 2023"]
[Site "Hvidovre"]
[Date "2023.05.13"]
[Round "6.7"]
[White "Bang, Andreas"]
[Black "Sylvan, Jacob"]
[Result "0-1"]
[WhiteElo "2287"]
[BlackElo "2325"]
[PlyCount "65"]
[EventDate "2023.05.13"]
[EventType "swiss"]
[EventRounds "7"]
[EventCountry "DEN"]
[SourceTitle "Live v. Kasper Jerwiarz"]

1. Nf3 c5 2. c4 Nc6 3. d4 cxd4 4. Nxd4 g6 5. e4 Bg7 6. Be3 Nf6 7. Nc3 O-O 8.
Be2 d6 9. O-O Bd7 10. Rc1 a6 11. f3 Nxd4 12. Bxd4 Bc6 13. b4 Bh6 14. Rc2 Nh5
15. g3 e5 16. Bf2 f5 17. b5 Be8 18. exf5 gxf5 19. f4 Nf6 20. Be3 Bf7 21. Rd2
Ne8 22. Nd5 Bxd5 23. Rxd5 Qe7 24. Qd2 axb5 25. cxb5 e4 26. Bc4 Kh8 27. Rd1 Bg7
28. Qb4 Nf6 29. Rxf5 Ng4 30. Rxf8+ Rxf8 31. Bd4 Bxd4+ 32. Rxd4 Rc8 33. Be2 0-1

[Event "Hurtigskak DM 2023"]
[Site "Hvidovre"]
[Date "2023.05.13"]
[Round "6.8"]
[White "Pedersen, Daniel Vesterbaek"]
[Black "Nielsen Refs, Karl Emil Elmer"]
[Result "1-0"]
[WhiteElo "2212"]
[BlackElo "2056"]
[PlyCount "69"]
[EventDate "2023.05.13"]
[EventType "swiss"]
[EventRounds "7"]
[EventCountry "DEN"]
[SourceTitle "Live v. Kasper Jerwiarz"]

1. e4 e6 2. d4 d5 3. Nc3 Nf6 4. e5 Nfd7 5. f4 c5 6. Nf3 Nc6 7. Be3 a6 8. Ne2 b5
9. c3 Bb7 10. g4 Rc8 11. f5 cxd4 12. cxd4 Be7 13. Bg2 Nb4 14. Nc3 Nb6 15. O-O
O-O 16. f6 gxf6 17. Bh6 Re8 18. exf6 Bxf6 19. Ne5 Rc7 20. Qe2 Nc4 21. Rf4 Bg5
22. Bxg5 Qxg5 23. Raf1 Nxe5 24. dxe5 Nc6 25. Qf2 Nxe5 26. Qg3 Qe7 27. Rf6 Qc5+
28. Kh1 Ng6 29. h4 d4 30. Ne4 Bxe4 31. Bxe4 Qe5 32. Rxg6+ hxg6 33. Qxe5 Rec8
34. Qxd4 Rc4 35. Qf6 1-0

[Event "Hurtigskak DM 2023"]
[Site "Hvidovre"]
[Date "2023.05.13"]
[Round "6.10"]
[White "Kistrup, Nicolai"]
[Black "Gregor, Bjarke"]
[Result "1-0"]
[WhiteElo "2300"]
[BlackElo "2095"]
[PlyCount "87"]
[EventDate "2023.05.13"]
[EventType "swiss"]
[EventRounds "7"]
[EventCountry "DEN"]
[SourceTitle "Live v. Kasper Jerwiarz"]

1. d4 Nf6 2. c4 e6 3. Nf3 d5 4. g3 Bb4+ 5. Nbd2 O-O 6. Bg2 Re8 7. O-O c6 8. Qc2
Nbd7 9. e4 dxc4 10. Nxc4 b5 11. Nce5 Nxe5 12. Nxe5 Qxd4 13. Nxc6 Qc5 14. Nxb4
Qxb4 15. e5 Nd5 16. Qc6 Bd7 17. Qxd7 Red8 18. Qc6 Rac8 19. Qa6 Qc4 20. Bg5 Nb4
21. Qxa7 Rc7 22. Qb6 Rdc8 23. Rac1 Nc2 24. Rxc2 Qxc2 25. Rc1 Qxc1+ 26. Bxc1
Rxc1+ 27. Bf1 h5 28. Qxb5 R1c5 29. Qb7 R8c7 30. Qa8+ Rc8 31. Qe4 g6 32. Ba6
Rc1+ 33. Kg2 R8c2 34. Qd4 Rc5 35. Qd8+ Kh7 36. Qf8 Rc7 37. b4 Re1 38. b5 g5 39.
b6 Rd7 40. b7 g4 41. b8=Q Kg6 42. Qbe8 h4 43. Bd3+ Kg5 44. Qg7+ 1-0

[Event "Hurtigskak DM 2023"]
[Site "Hvidovre"]
[Date "2023.05.13"]
[Round "7.1"]
[White "Olsen, Filip Boe"]
[Black "Thybo, Jesper Sondergaard"]
[Result "0-1"]
[WhiteElo "2435"]
[BlackElo "2509"]
[PlyCount "60"]
[EventDate "2023.05.13"]
[EventType "swiss"]
[EventRounds "7"]
[EventCountry "DEN"]
[SourceTitle "Live v. Kasper Jerwiarz"]

1. d4 Nf6 2. c4 e6 3. Nc3 Bb4 4. e3 O-O 5. Bd3 c5 6. Nge2 d5 7. a3 Bxc3+ 8.
bxc3 dxc4 9. Bxc4 b6 10. O-O Qc7 11. Bd3 Ba6 12. e4 Bxd3 13. Qxd3 cxd4 14. cxd4
Qb7 15. Ng3 Qa6 16. Qf3 Nbd7 17. Rd1 Rac8 18. Bb2 Rc2 19. Rab1 Qc4 20. d5 e5
21. Re1 Qa2 22. Ba1 Rfc8 23. h4 R8c4 24. h5 h6 25. Rbd1 Rd2 26. Rc1 Rxc1 27.
Rxc1 Rc2 28. Rf1 Qc4 29. Qf5 Rc1 30. f3 Rxa1 0-1

[Event "Hurtigskak DM 2023"]
[Site "Hvidovre"]
[Date "2023.05.13"]
[Round "7.2"]
[White "Boe, Mads"]
[Black "Andersen, Mads"]
[Result "1/2-1/2"]
[WhiteElo "2283"]
[BlackElo "2615"]
[PlyCount "105"]
[EventDate "2023.05.13"]
[EventType "swiss"]
[EventRounds "7"]
[EventCountry "DEN"]
[SourceTitle "Live v. Kasper Jerwiarz"]

1. d4 d5 2. Nf3 c5 3. c3 Nf6 4. Bf4 Nc6 5. e3 Nh5 6. Bg5 h6 7. Bh4 g5 8. Bg3
Nxg3 9. hxg3 Bg7 10. Bd3 Qb6 11. Qc2 c4 12. Be2 g4 13. Nfd2 e5 14. dxe5 Nxe5
15. e4 Be6 16. Na3 Rc8 17. exd5 Bxd5 18. Rh5 O-O 19. Rxe5 Bxe5 20. Bxg4 Rce8
21. Kf1 Qc6 22. Bf3 b5 23. Qf5 a6 24. Nc2 Bxf3 25. Nxf3 Bg7 26. Ncd4 Qe4 27.
Qc5 Bxd4 28. Nxd4 Re5 29. Qb6 Rfe8 30. Kg1 Qg6 31. Qxg6+ fxg6 32. Kf1 Rh5 33.
Kg1 Rd5 34. a3 Kf7 35. g4 Re4 36. f3 Rexd4 37. cxd4 Rxd4 38. Rf1 g5 39. Rf2
Rd1+ 40. Kh2 Ke6 41. g3 a5 42. f4 Rc1 43. Re2+ Kf6 44. Kg2 b4 45. axb4 axb4 46.
Kf3 c3 47. bxc3 Rxc3+ 48. Kg2 b3 49. Re5 Rc2+ 50. Kf3 Rc3+ 51. Kg2 Rc2+ 52. Kf3
Rc3+ 53. Ke4 1/2-1/2

[Event "Hurtigskak DM 2023"]
[Site "Hvidovre"]
[Date "2023.05.13"]
[Round "7.3"]
[White "Fedder, Steen"]
[Black "Nielsen, Viktor Haarmark"]
[Result "1/2-1/2"]
[WhiteElo "2380"]
[BlackElo "2335"]
[PlyCount "119"]
[EventDate "2023.05.13"]
[EventType "swiss"]
[EventRounds "7"]
[EventCountry "DEN"]
[SourceTitle "Live v. Kasper Jerwiarz"]

1. d4 Nf6 2. c4 e6 3. g3 d5 4. Nf3 Bb4+ 5. Bd2 Bd6 6. Bf4 Bxf4 7. gxf4 c5 8.
dxc5 Qa5+ 9. Nc3 dxc4 10. Qa4+ Qxa4 11. Nxa4 Bd7 12. Nc3 Na6 13. Rg1 Nxc5 14.
Ne5 g6 15. Nxc4 Ke7 16. Ne5 Rac8 17. e3 Rhd8 18. Bc4 Be8 19. Ke2 a6 20. a4 Nfe4
21. Nxe4 Nxe4 22. Rgd1 Rxd1 23. Rxd1 f6 24. Bd3 Nc5 25. Nf3 Nxd3 26. Rxd3 Rc2+
27. Rd2 Rxd2+ 28. Kxd2 Bxa4 29. Kc3 Bd7 30. Nd2 e5 31. fxe5 fxe5 32. Kc4 Bc6
33. Kc5 Ke6 34. e4 g5 35. f3 h5 36. Nf1 Bb5 37. Nd2 Be2 38. Kb6 Kd6 39. b4 Ke6
40. Kxb7 Kf6 41. Kc6 g4 42. fxg4 hxg4 43. Kd6 Bd3 44. Kd5 Bb5 45. Kd6 Be2 46.
Nb3 Bb5 47. Nc5 Be2 48. Nd7+ Kg5 49. Kxe5 Kh4 50. Kf4 Kh3 51. Nf6 Kxh2 52.
Nxg4+ Kg2 53. Ne3+ Kf2 54. Nd5 Bc4 55. Nc7 Ke2 56. e5 Kd3 57. e6 Bxe6 58. Nxe6
Kc4 59. Nc7 Kxb4 60. Nxa6+ 1/2-1/2

[Event "Hurtigskak DM 2023"]
[Site "Hvidovre"]
[Date "2023.05.13"]
[Round "7.4"]
[White "Meskenas, Paulius"]
[Black "Pedersen, Daniel Vesterbaek"]
[Result "1/2-1/2"]
[WhiteElo "2159"]
[BlackElo "2212"]
[PlyCount "96"]
[EventDate "2023.05.13"]
[EventType "swiss"]
[EventRounds "7"]
[EventCountry "DEN"]
[SourceTitle "Live v. Kasper Jerwiarz"]

1. e4 e5 2. Nf3 Nc6 3. Bc4 Nf6 4. d3 Bc5 5. c3 d6 6. O-O h6 7. h3 O-O 8. b4 Bb6
9. a4 a6 10. Re1 Ne7 11. Nbd2 c6 12. a5 Ba7 13. Bb3 Ng6 14. Nf1 Be6 15. d4 Bxb3
16. Qxb3 exd4 17. cxd4 d5 18. e5 Ne4 19. N1d2 Nxd2 20. Bxd2 f6 21. exf6 Qxf6
22. Qe3 Rf7 23. Rad1 Re7 24. Qc3 Rae8 25. Rxe7 Rxe7 26. Re1 Rxe1+ 27. Bxe1 Nf4
28. Kf1 Ne6 29. Qe3 Bxd4 30. Nxd4 Nxd4 31. Bc3 Nf5 32. Qe8+ Qf8 33. Qe5 Nd6 34.
f3 Kh7 35. Kg1 Nb5 36. Bb2 Nd6 37. Bd4 Nc4 38. Qc7 Nd6 39. Bc5 Nb5 40. Qxb7 Qf4
41. Qxc6 Qc1+ 42. Kh2 Qf4+ 43. Kh1 Qc1+ 44. Kh2 Qf4+ 45. Kg1 Qc1+ 46. Kf2 Qd2+
47. Kg3 Qg5+ 48. Kh2 Qf4+ 1/2-1/2

[Event "Hurtigskak DM 2023"]
[Site "Hvidovre"]
[Date "2023.05.13"]
[Round "7.5"]
[White "Sylvan, Jacob"]
[Black "Hector, Jonny"]
[Result "0-1"]
[WhiteElo "2325"]
[BlackElo "2474"]
[PlyCount "98"]
[EventDate "2023.05.13"]
[EventType "swiss"]
[EventRounds "7"]
[EventCountry "DEN"]
[SourceTitle "Live v. Kasper Jerwiarz"]

1. Nf3 d5 2. d4 Nf6 3. g3 Bf5 4. Bg2 h6 5. O-O e6 6. c4 c6 7. Qb3 Qb6 8. c5 Qa6
9. Nc3 b6 10. cxb6 axb6 11. Ne5 Be7 12. Re1 O-O 13. e4 Bh7 14. exd5 cxd5 15.
Bf4 g5 16. Bd2 Qb7 17. h4 gxh4 18. Bxh6 Nc6 19. Nxc6 Qxc6 20. Bxf8 Bxf8 21.
gxh4 Kh8 22. Nb5 Bh6 23. a4 Rg8 24. a5 bxa5 25. Nc3 Qd6 26. Ne2 Ne4 27. Qf3 f5
28. Qh5 Rg6 29. Rxa5 Qd8 30. Rea1 Qg8 31. Qf3 Nd2 32. Qh3 Nb3 33. Ra8 Nxa1 34.
Rxg8+ Rxg8 35. Qc3 f4 36. Kf1 Nc2 37. Bh3 Be4 38. Ng1 Ra8 39. Nf3 Bxf3 40. Kg1
Ra1+ 41. Bf1 Be4 42. Qc8+ Kh7 43. Qe8 Nxd4 44. Qf7+ Bg7 45. Qh5+ Kg8 46. Qe8+
Bf8 47. f3 Bd3 48. Qh5 Rxf1+ 49. Kg2 Rxf3 0-1

[Event "Hurtigskak DM 2023"]
[Site "Hvidovre"]
[Date "2023.05.13"]
[Round "7.6"]
[White "Hagen, Andreas Skytte"]
[Black "Nielsen, Lars Aaes"]
[Result "1-0"]
[WhiteElo "2363"]
[BlackElo "2189"]
[PlyCount "79"]
[EventDate "2023.05.13"]
[EventType "swiss"]
[EventRounds "7"]
[EventCountry "DEN"]
[SourceTitle "Live v. Kasper Jerwiarz"]

1. e4 e6 2. d4 d5 3. Nc3 Bb4 4. e5 Qd7 5. a3 Bxc3+ 6. bxc3 b6 7. Qg4 f5 8. Qg3
Ba6 9. Bxa6 Nxa6 10. Ne2 O-O-O 11. a4 Kb7 12. a5 b5 13. Ba3 c6 14. Nf4 Nh6 15.
Kd2 Rdg8 16. h4 g6 17. Qg5 Nf7 18. Qf6 Nc7 19. a6+ Ka8 20. Bc5 Nd8 21. Nd3 Rg7
22. Bb4 Ne8 23. Qg5 h6 24. Qg3 Nf7 25. Nc5 Qc8 26. Qd3 g5 27. hxg5 Rxg5 28. g3
Rg6 29. f4 Rhg8 30. Rh3 Nc7 31. Kc1 Rg4 32. Kb2 R8g6 33. Qf3 Qg8 34. Rg1 h5 35.
Rxh5 Rxg3 36. Rxg3 Rxg3 37. Qh1 Rg1 38. Qh4 Rg7 39. Ba5 Nh8 40. Rxh8 1-0

[Event "Hurtigskak DM 2023"]
[Site "Hvidovre"]
[Date "2023.05.13"]
[Round "7.7"]
[White "Lauridsen, Jesper Morch"]
[Black "Hansen, Jacob Ost"]
[Result "1-0"]
[WhiteElo "2309"]
[BlackElo "2338"]
[PlyCount "55"]
[EventDate "2023.05.13"]
[EventType "swiss"]
[EventRounds "7"]
[EventCountry "DEN"]
[SourceTitle "Live v. Kasper Jerwiarz"]

1. e4 c5 2. Nf3 e6 3. d4 cxd4 4. Nxd4 Nc6 5. Nc3 a6 6. g3 Nge7 7. Nb3 d6 8. Bg2
Bd7 9. O-O Nc8 10. f4 Be7 11. Kh1 b5 12. Qh5 O-O 13. g4 g6 14. Qh3 Nb6 15. f5
Nc4 16. Bh6 Re8 17. Rf2 N4e5 18. Raf1 Bg5 19. f6 Nxg4 20. Bxg5 Nxf2+ 21. Rxf2
h5 22. Bf3 Kh7 23. Bxh5 Rh8 24. Bxg6+ Kxg6 25. Qg3 Qg8 26. Be3+ Kh5 27. Qh3+
Kg6 28. Qg4+ 1-0

[Event "Hurtigskak DM 2023"]
[Site "Hvidovre"]
[Date "2023.05.13"]
[Round "7.8"]
[White "Thorsbro, Peter"]
[Black "Hoi, Carsten"]
[Result "0-1"]
[WhiteElo "2165"]
[BlackElo "2333"]
[PlyCount "136"]
[EventDate "2023.05.13"]
[EventType "swiss"]
[EventRounds "7"]
[EventCountry "DEN"]
[SourceTitle "Live v. Kasper Jerwiarz"]

1. d4 d5 2. Nf3 Nf6 3. g3 Bf5 4. Bg2 e6 5. O-O h6 6. c4 Nbd7 7. Nc3 c6 8. Nd2
Be7 9. e4 dxe4 10. Ndxe4 O-O 11. Bf4 Nxe4 12. Nxe4 Nb6 13. Rc1 Bxe4 14. Bxe4
Bg5 15. Bxg5 Qxg5 16. h4 Qf6 17. Bb1 Rad8 18. Qc2 g6 19. h5 Kg7 20. hxg6 fxg6
21. Rcd1 Rf7 22. Rd2 Nd7 23. Re1 Nf8 24. Re4 Qg5 25. Qd1 h5 26. Qe2 b6 27. Kg2
c5 28. Re5 Qf6 29. d5 exd5 30. cxd5 Rdd7 31. Rd3 Rde7 32. Rde3 Rxe5 33. Rxe5
Qd6 34. Qe4 Qf6 35. f3 b5 36. Qe3 c4 37. f4 b4 38. Qe2 c3 39. bxc3 bxc3 40. Bc2
h4 41. Qe4 hxg3 42. Kxg3 Qb6 43. Re6 Qg1+ 44. Kh3 Nxe6 45. dxe6 Rf5 46. Qb7+
Kh6 47. Bxf5 gxf5 48. Qf7 Qg4+ 49. Kh2 Qxf4+ 50. Kg2 Qe4+ 51. Kf2 Qd4+ 52. Ke2
Qd2+ 53. Kf3 Qd3+ 54. Kf2 c2 55. Qf8+ Kg5 56. Qg7+ Kf4 57. Qh6+ Ke4 58. e7 Qf3+
59. Kg1 Qg3+ 60. Kf1 Qf4+ 61. Qxf4+ Kxf4 62. e8=Q c1=Q+ 63. Ke2 Qc2+ 64. Kf1
Qb1+ 65. Kg2 Qe4+ 66. Qxe4+ Kxe4 67. Kf2 a5 68. Ke2 a4 0-1

[Event "Hurtigskak DM 2023"]
[Site "Hvidovre"]
[Date "2023.05.13"]
[Round "7.9"]
[White "Zander, Emil"]
[Black "Kistrup, Nicolai"]
[Result "1-0"]
[WhiteElo "1982"]
[BlackElo "2300"]
[PlyCount "69"]
[EventDate "2023.05.13"]
[EventType "swiss"]
[EventRounds "7"]
[EventCountry "DEN"]
[SourceTitle "Live v. Kasper Jerwiarz"]

1. e4 c5 2. Nf3 Nc6 3. d4 cxd4 4. Nxd4 Nf6 5. Nc3 e5 6. Ndb5 d6 7. Nd5 Nxd5 8.
exd5 Ne7 9. c4 Ng6 10. Qa4 Bd7 11. Qb4 Bf5 12. Be3 Be7 13. Be2 O-O 14. O-O Nf4
15. Bxf4 exf4 16. Nd4 Bc8 17. a4 Bf6 18. Rad1 g5 19. Nb5 Be5 20. c5 dxc5 21.
Qxc5 a6 22. d6 Bxb2 23. Nc7 Rb8 24. d7 Bxd7 25. Bg4 f5 26. Ne6 Bxe6 27. Rxd8
Rbxd8 28. Qb6 Bc4 29. Bxf5 Rd2 30. Be6+ Bxe6 31. Qxe6+ Kh8 32. h3 f3 33. Qe7
Kg8 34. Qxg5+ Kh8 35. Qxd2 1-0

[Event "Hurtigskak DM 2023"]
[Site "Hvidovre"]
[Date "2023.05.13"]
[Round "7.10"]
[White "Loftgaard, Mikkel Vinh"]
[Black "Bang, Andreas"]
[Result "1-0"]
[WhiteElo "2244"]
[BlackElo "2287"]
[PlyCount "74"]
[EventDate "2023.05.13"]
[EventType "swiss"]
[EventRounds "7"]
[EventCountry "DEN"]
[SourceTitle "Live v. Kasper Jerwiarz"]

1. e4 c6 2. d4 d5 3. e5 Bf5 4. Nd2 e6 5. Nb3 Nd7 6. Nf3 Ne7 7. Be2 Bg6 8. a4 c5
9. dxc5 Nxc5 10. Nxc5 Qa5+ 11. c3 Qxc5 12. O-O Nc6 13. Be3 Qa5 14. b4 Qc7 15.
a5 Be7 16. b5 Nxa5 17. b6 axb6 18. Qa4+ Kf8 19. Qb5 Bc5 20. Nd4 Ke7 21. f4 Nc6
22. f5 exf5 23. Nxf5+ Bxf5 24. Bxc5+ bxc5 25. Qxc5+ Ke6 26. Rad1 Ra5 27. Bb5
Rd8 28. c4 d4 29. Rf4 Qxe5 30. Rxf5 Qxf5 31. Re1+ Kf6 32. Rf1 Qxf1+ 33. Kxf1 d3
34. Qf2+ Ke7 35. Qd2 f6 36. Bxc6 Ra1+ 37. Kf2 bxc6 1-0